The Devils milk: A social history of rubber (Record no. 43010)

MARC details
000 -LEADER
fixed length control field 00487nam a2200181Ia 4500
020 ## - INTERNATIONAL STANDARD BOOK NUMBER
ISBN 9781583672310
082 ## - DEWEY DECIMAL CLASSIFICATION NUMBER
Classification number NR:33(09)
Item number TUL
100 ## - MAIN ENTRY--AUTHOR NAME
Personal name Tully, John
245 #4 - TITLE STATEMENT
Title The Devils milk: A social history of rubber
260 ## - PUBLICATION, DISTRIBUTION, ETC. (IMPRINT)
Place of publication New York
Name of publisher Monthly Review Press
Year of publication 2011
650 ## - SUBJECT ADDED ENTRY--TOPICAL TERM
Topical Term Amazon rubber
650 ## - SUBJECT ADDED ENTRY--TOPICAL TERM
Topical Term Gutta percha
650 ## - SUBJECT ADDED ENTRY--TOPICAL TERM
Topical Term Rubber history
650 ## - SUBJECT ADDED ENTRY--TOPICAL TERM
Topical Term Rubber plantation
650 ## - SUBJECT ADDED ENTRY--TOPICAL TERM
Topical Term Rubber revolution
942 ## - ADDED ENTRY ELEMENTS (KOHA)
Koha item type Books
Holdings
Withdrawn status Lost status Damaged status Not for loan Home library Current library Date acquired Cost, normal purchase price Full call number Accession Number Koha item type
        RRII Library RRII Library 16/12/2021 1200.00 NR:33(09) TUL 23274 Books